000 00483nam a2200157 a 4500
001 000037477
005 20200930080403.0
008 120420s1998 dr ac 000 0 spa d
040 _aDO-SdBNP
_bspa
_cBNPHU
245 0 0 _aProducción porcina.
260 _aSanto Domingo :
_bCentro para el Desarrollo Agropecuario y Forestal (CEDAF),
_c1998.
300 _a31 p. ;
_c29 cm.
490 1 _aGuía técnica
_v5
_apecuaria
500 _aTexto a dos columnas
830 0 _aGuía técnica
_963918
999 _c36967
_d36967